000 00367nam a2200133Ia 4500
005 20251222143157.0
008 251222s9999||||xx |||||||||||||| ||spa||
020 _a84-7908-278-X
082 _a621.39/B38
100 _aBeléndez Vázquez, Augusto
245 0 _aFundamentos de Óptica para Ingeniería Informática
264 _bUniversidad de Alicante
942 _cLIB
999 _c12917
_d12917